01304nam a2200337 a 450000100060000000300080000600500170001400800410003102000180007202000150009002000310010502000280013603500170016404000570018104100080023808200310024610000310027724501290030826000440043730000320048150000460051350400640055950600430062365000550066665000450072170000200076670000220078671000160080877300300082485601120085458365BD-RjUL20211209080619.0161218s2008 dcua sb i001 0 eng d a9780821372913 a0821372912 a9780821372920 (electronic) a0821372920 (electronic) aBD-RjUL58489 aDLCcDLCdBAKERdBTCTAdYDXCPdC#PdDLCdWaSeSSbeng aeng00a332.1091724222bDEF 2008 1 aDemirguc-Kunt, Asl,d1961-10aFinance for all? :bpolicies and pitfalls in expanding access /c[by Asli Demirgc-Kunt, Thorsten Beck, and Patrick Honohan]. aWashington, D.C. :bWorld Bank,cc2008. a246 p. : bill. ; c26 cm.  aStatement of responsibility from p. xiii. aIncludes bibliographical references (p. 213-235) and index. aLicense restrictions may limit access. 0aFinancial services industryzDeveloping countries. 0aBanks and bankingzDeveloping countries.1 aBeck, Thorsten.1 aHonohan, Patrick.2 aWorld Bank. 0tOpen Knowledge Repository40uhttp://www.columbia.edu/cgi-bin/cul/resolve?clio7973725zFull text available from Open Knowledge Repository